| 000 | 00592nam a2200193 a 4500 | ||
|---|---|---|---|
| 005 | 20230331063749.0 | ||
| 008 | 040121s2002 es r 000 0 spa d | ||
| 020 | _a8483166127 | ||
| 035 | _aUPN01000131448 | ||
| 049 | _aCG | ||
| 050 | 4 |
_aLC1091 _bD6.3 |
|
| 100 | 1 | _aDomingo Moratalla, Agustín | |
| 245 | 1 | 0 |
_aEducar para una ciudadanía responsable / _cAgustín Domingo Moratalla. |
| 260 |
_aMadrid : _bCCS : _bICCE, _c2002. |
||
| 300 | _a60 p. | ||
| 440 | 0 |
_aCuadernos de educación para la acción social ; _v16 |
|
| 650 | 4 |
_aCiudadanía _xEstudio y enseñanza _910629 |
|
| 905 | _aLibro | ||
| 999 |
_c103603 _d103603 |
||